Updated Top 5 Cities in Idaho by Population - Statistics

General Stats
  • This quiz has been taken 45 times
  • The average score is 4 of 5
Answer Stats
County City % Correct
Ada Boise
100%
Bonneville Idaho Falls
81%
Ada Meridian
69%
Canyon Nampa
69%
Bannock Pocatello
63%
No matching quizzes found
Score Distribution
Percent of People with Each Score
Percentile by Number Answered
Your Score History
You have not taken this quiz